Economics / (Record no. 9724)

MARC details
000 -LEADER
fixed length control field 00985nam a22001937a 4500
005 - DATE AND TIME OF LATEST TRANSACTION
control field 20230616140225.0
008 - FIXED-LENGTH DATA ELEMENTS--GENERAL INFORMATION
fixed length control field 230616b ||||| |||| 00| 0 eng d
020 ## - INTERNATIONAL STANDARD BOOK NUMBER
International Standard Book Number 0071239324
050 ## - LIBRARY OF CONGRESS CALL NUMBER
Classification number HB171.5.Sa25(18e)
100 ## - MAIN ENTRY--PERSONAL NAME
9 (RLIN) Samuelson, Paul A.
245 ## - TITLE STATEMENT
Title Economics /
Statement of responsibility, etc. Paul A. Samuelson et al.-
250 ## - EDITION STATEMENT
Edition statement 18th ed.
260 ## - PUBLICATION, DISTRIBUTION, ETC.
Place of publication, distribution, etc. New York :
Name of publisher, distributor, etc. McGaw-Hill Education,
Date of publication, distribution, etc. 2005
300 ## - PHYSICAL DESCRIPTION
Extent xxiv, 776 p.:
Other physical details ill.;
Dimensions 25 cm.
500 ## - GENERAL NOTE
General note Includes index
505 ## - FORMATTED CONTENTS NOTE
Formatted contents note Contents: Part One: Basic concepts -- Parts Two: Microeconomics:supply, and product market -- Part Three: Factor market: labor, land, and capital -- Part Four: Applied microeconomics: International trade, government, and the environment -- Part Five: Macroeconomics: Economic growth and business cycle -- Part Six: Growth, development, and the global economy -- Part Seven: Unemployment, inflation, and economic policy.
700 ## - ADDED ENTRY--PERSONAL NAME
Personal name Nordhaus, William D.
9 (RLIN) 1684
942 ## - ADDED ENTRY ELEMENTS (KOHA)
Source of classification or shelving scheme Library of Congress Classification
Koha item type Books
Edition 18th ed.
Classification part HB171.5.Sa25(18e)
Holdings
Withdrawn status Lost status Source of classification or shelving scheme Damaged status Not for loan Home library Current library Shelving location Date acquired Total Checkouts Full call number Barcode Date last seen Copy number Price effective from Koha item type
    Library of Congress Classification     WISCONSIN INTERNATIONAL UNIVERSITY COLLEGE, GHANA - MAIN LIBRARY WISCONSIN INTERNATIONAL UNIVERSITY COLLEGE, GHANA - MAIN LIBRARY General Stacks 16/06/2023   HB171.5.Sa25(18e) 9449/150/23 16/06/2023 1 16/06/2023 Books
    Library of Congress Classification     WISCONSIN INTERNATIONAL UNIVERSITY COLLEGE, GHANA - MAIN LIBRARY WISCONSIN INTERNATIONAL UNIVERSITY COLLEGE, GHANA - MAIN LIBRARY General Stacks 16/06/2023   HB171.5.Sa251(18e) 9450/151/23 16/06/2023 2 16/06/2023 Books
    Library of Congress Classification     WISCONSIN INTERNATIONAL UNIVERSITY COLLEGE, GHANA - MAIN LIBRARY WISCONSIN INTERNATIONAL UNIVERSITY COLLEGE, GHANA - MAIN LIBRARY General Stacks 16/06/2023   HB171.5.Sa252(18e) 9451/152/23 16/06/2023 3 16/06/2023 Books

If you have any concerns or questions; kindly contact the library


© Powered by WIUC ICT DIRECTORATE